Central Library OPAC University of Rajshahi

The practical geographer / (Record no. 52782)

MARC details
000 -LEADER
fixed length control field 00816nam a2200265 a 4500
001 - CONTROL NUMBER
control field 52782
003 - CONTROL NUMBER IDENTIFIER
rucl marc code BD-RjUL
005 - DATE AND TIME OF LATEST TRANSACTION
control field 20211209075847.0
008 - FIXED-LENGTH DATA ELEMENTS--GENERAL INFORMATION
fixed length control field 160927s1957 vra 000 0 eng d
035 ## - SYSTEM CONTROL NUMBER
System control number (BD-RjUL)52902
System control number 546436
040 ## - CATALOGING SOURCE
Original cataloging agency NUN
Language of cataloging eng
Transcribing agency NUN
Modifying agency ABN:1
041 ## - LANGUAGE CODE
Language code of text/sound track or separate title eng
082 ## - DEWEY DECIMAL CLASSIFICATION NUMBER
Edition number 23
Classification number 526.8
Author mark and year COP 1957
100 1# - MAIN ENTRY--PERSONAL NAME
Personal name Coggins, Robert S.
Fuller form of name (Robert Symes)
9 (RLIN) 157837
245 14 - TITLE STATEMENT
Title The practical geographer /
Statement of responsibility, etc. by R.S. Coggins and R.K. Hefford.
260 ## - PUBLICATION, DISTRIBUTION, ETC. (IMPRINT)
Place of publication, distribution, etc. Melbourne :
Name of publisher, distributor, etc. Longmans,
Date of publication, distribution, etc. 1957.
300 ## - PHYSICAL DESCRIPTION
Pagination 100 p. :
Illustrations ill. ;
Size 26 cm.
650 #0 - SUBJECT ADDED ENTRY--TOPICAL TERM
Topical term or geographic name as entry element Map drawing.
9 (RLIN) 157839
Topical term or geographic name as entry element Topographical drawing.
9 (RLIN) 156104
Topical term or geographic name as entry element Cartography.
9 (RLIN) 157840
700 1# - ADDED ENTRY--PERSONAL NAME
Personal name Hefford, R. K.
Fuller form of name (Ronald Keith),
Dates associated with a name 1924-
942 ## - ADDED ENTRY ELEMENTS (KOHA)
Source of classification or shelving scheme Dewey Decimal Classification
Koha item type Books
Holdings
Lost status Source of classification or shelving scheme Damaged status Not for loan Collection code Permanent Location Current Location Shelving location Date acquired Source of acquisition Cost, normal purchase price Total Checkouts Full call number Date last seen Copy number Koha item type
  Dewey Decimal Classification     Non-fiction Central Library, University of Rajshahi Central Library, University of Rajshahi   26/11/1965 Zeetlinger 26.60   526.8 COP 1957 27/09/2016 C-2 Books